000 00443nab a22001457 4500
003 ES-SlBCS
005 20210327224014.0
008 140318s2013 sp ||||| |||| 00| 0 spa d
040 _aES-SlBC
_bspa
041 _aspa
100 1 _aBingemer, María Clara
_984753
245 1 0 _aMística y santidad: genio y práctica del amor
_cMaría Clara Bingemer
773 0 _gNúm. 351, 2013, págs. 95-112
_tConcilium
_wRev134
_x0210-1041
942 _2lcc
_cAR
999 _c452044
_d452044